| 000 | 00945nam a2200205 a 4500 | ||
|---|---|---|---|
| 003 | 0 | ||
| 005 | 20250611134420.0 | ||
| 008 | 021115s19uu xx 00 eng d | ||
| 050 |
_aPGS JQ 1416 _b.P676 1999 |
||
| 100 | _aPiscoso, Martin Gabriel. | ||
| 245 |
_aComparison of the perceptions of male and female first year high school students of Southville International School to President Joseph Estrada as a leader / _bPiscoso, Martin Gabriel. |
||
| 260 |
_aLas Piñas City, Philippines : _bSouthville International School and Colleges, _c1999. |
||
| 300 |
_a45 pages : _bcolored illustrations ; _c28 cm. |
||
| 504 | _aIncludes bibliographical references. | ||
| 650 |
_aEstrada, Joseph Ejercito, 1937– _vPublic opinion _zPhilippines. |
||
| 650 |
_aPolitical leadership _vPublic opinion _zPhilippines. |
||
| 650 |
_aHigh school students _vAttitudes _vBy gender. |
||
| 650 |
_aSex differences (Psychology) _vPublic opinion. |
||
| 942 |
_2lcc _cPASS |
||
| 999 |
_c96184 _d96184 |
||